ADR and Scottish commercial litigators (Record no. 109976)
[ view plain ]
| 000 -LEADER | |
|---|---|
| fixed length control field | 01099cad a22002295a 4500 |
| 001 - CONTROL NUMBER | |
| control field | E148251 |
| 008 - FIXED-LENGTH DATA ELEMENTS--GENERAL INFORMATION | |
| fixed length control field | 090824e2007 xxk f 000 0 eng d |
| 035 ## - SYSTEM CONTROL NUMBER | |
| System control number | (Sirsi) u148251 |
| 041 0# - LANGUAGE CODE | |
| Language code of text/sound track or separate title | eng |
| 050 04 - LIBRARY OF CONGRESS CALL NUMBER | |
| Classification number | 347.4207 $2 18 |
| 100 1# - MAIN ENTRY--PERSONAL NAME | |
| Personal name | Clark, Bryan |
| 245 00 - TITLE STATEMENT | |
| Title | ADR and Scottish commercial litigators |
| Remainder of title | a study of attitudes and experience |
| Medium | [electronic resource] |
| 260 ## - PUBLICATION, DISTRIBUTION, ETC. | |
| Place of publication, distribution, etc. | [S.l.] |
| Name of publisher, distributor, etc. | [s.n.] |
| Date of publication, distribution, etc. | [2007] |
| 520 ## - SUMMARY, ETC. | |
| Summary, etc. | Presents the results of research undertaken to examine the attitude of Scottish commercial litigation lawyers to Alternative Dispute Resolution (ADR). Highlights key policy issues relating to the development of commercial ADR, and discusses how Scottish commercial litigation lawyers currently use ADR processes. |
| 521 ## - TARGET AUDIENCE NOTE | |
| Target audience note | Advanced |
| 590 ## - LOCAL NOTE (RLIN) | |
| Local note | KA |
| 651 #4 - SUBJECT ADDED ENTRY--GEOGRAPHIC NAME | |
| Geographic name | Scotland |
| Chronological subdivision | 1999- |
| 690 ## - LOCAL SUBJECT ADDED ENTRY--TOPICAL TERM (OCLC, RLIN) | |
| Topical term or geographic name as entry element | MANAGEMENT-DISPUTE AVOIDANCE, MANAGEMENT AND RESOLUTION-DISPUTE MANAGEMENT AND RESOLUTION |
| 700 1# - ADDED ENTRY--PERSONAL NAME | |
| Personal name | Dawson, Charles |
| 856 40 - ELECTRONIC LOCATION AND ACCESS | |
| Uniform Resource Identifier | <a href="https://strathprints.strath.ac.uk/3219/1/strathprints003219.pdf">https://strathprints.strath.ac.uk/3219/1/strathprints003219.pdf</a> |
| Public note | View the article free of charge at strathprints.strath.ac.uk |
| 942 ## - ADDED ENTRY ELEMENTS (KOHA) | |
| Suppress in OPAC | 0 |
| Withdrawn status | Lost status | Source of classification or shelving scheme | Damaged status | Not for loan | Home library | Current library | Shelving location | Date acquired | Total Checkouts | Full call number | Barcode | Date last seen | Copy number | Price effective from | Koha item type |
|---|---|---|---|---|---|---|---|---|---|---|---|---|---|---|---|
| Dewey Decimal Classification | Virtual | Virtual | Online | 24/08/2009 | ONLINE PUBLICATION | 148251-2001 | 06/08/2019 | 1 | 06/08/2019 | Book |